000 00261nam a22001217a 4500
082 _a823
_bRAJ/D
100 _aRAJ, C R S
245 _aDAMAN & PHILLAS
260 _aMADRAS
_bCHILDREN'S WORLD
_c1992
300 _a20
650 _aENGLISH STORY
_zINDIA
942 _cBK
999 _c7384
_d7384